The Biopesticide manual (Record no. 81140)
[ view plain ]
| 000 -LEADER | |
|---|---|
| fixed length control field | 00578nam a2200145 a 4500 |
| 008 - FIXED-LENGTH DATA ELEMENTS--GENERAL INFORMATION | |
| fixed length control field | 120416s1998 xx |||||||||||||| || u |
| 050 ## - LIBRARY OF CONGRESS CALL NUMBER | |
| Classification number | SB 950.95 Bio |
| 100 ## - MAIN ENTRY--PERSONAL NAME | |
| Personal name | Copping, L. G |
| 245 14 - TITLE STATEMENT | |
| Title | The Biopesticide manual |
| Statement of responsibility, etc. | edited by L. G. Copping |
| 260 ## - PUBLICATION, DISTRIBUTION, ETC. | |
| Date of publication, distribution, etc. | 1998 |
| 300 ## - PHYSICAL DESCRIPTION | |
| Extent | : ill. |
| 350 ## - | |
| -- | 0.00 |
| 995 ## - | |
| -- | REFERENCE BOOKS |
| -- | 0.00 |
| -- | 735620 |
| -- | CBU-MAIN LIBRARY (Kitwe) |
| -- | 1 |
| -- | 27.50 |
| -- | SB 950.95 Bio |
| -- | 1 |
| -- | REFERENCE |
| -- | 48777 |
| -- | Reference Collection |
| 995 ## - | |
| -- | REFERENCE BOOKS |
| -- | 0.00 |
| -- | 735619 |
| -- | CBU-MAIN LIBRARY (Kitwe) |
| -- | 2 |
| -- | 27.50 |
| -- | SB 950.95 Bio |
| -- | 2 |
| -- | REFERENCE |
| -- | 48775 |
| -- | Reference Collection |
| 999 ## - | |
| -- | 81140 |
| -- | 81140 |
| Withdrawn status | Lost status | Source of classification or shelving scheme | Damaged status | Not for loan | Permanent Location | Current Location | Shelving location | Date acquired | Total Checkouts | Full call number | Barcode | Date last seen | Copy number | Price effective from | Koha item type |
|---|---|---|---|---|---|---|---|---|---|---|---|---|---|---|---|
| CBU-MAIN LIBRARY, KITWE. | CBU-MAIN LIBRARY, KITWE. | 07/19/2023 | SB 950.95 Bio | 48777 | 07/19/2023 | 1 | 07/19/2023 | REFERENCE COLLECTION | |||||||
| CBU-MAIN LIBRARY, KITWE. | CBU-MAIN LIBRARY, KITWE. | 07/19/2023 | SB 950.95 Bio | 48775 | 07/19/2023 | 2 | 07/19/2023 | REFERENCE COLLECTION |